| 000 | 01454cam a22003377a 4500 | ||
|---|---|---|---|
| 001 | 16330047 | ||
| 003 | ARRUPE | ||
| 005 | 20131216123526.0 | ||
| 008 | 100713s2010 nyu e b 001 0 eng d | ||
| 010 | _a 2010294823 | ||
| 020 | _a9780061779268 (pbk.) | ||
| 035 | _a(OCoLC)ocn419851005 | ||
| 040 |
_aBTCTA _cBTCTA _dYDXCP _dDMM _dVP@ _dDLC |
||
| 042 | _alccopycat | ||
| 050 | 0 | 0 |
_aBJ1496 _b.E356 1993 |
| 082 | 0 | 4 |
_a179/.9 _222 |
| 100 | 1 |
_aElgin, Duane. _95724 |
|
| 245 | 1 | 0 |
_aVoluntary simplicity : _btoward a way of life that is outwardly simple, inwardly rich / _cDuane Elgin. |
| 250 | _a2nd rev. ed. | ||
| 260 |
_aNew York : _bHarper, _cc2010. |
||
| 300 |
_axxviii, 210 p. ; _c21 cm. |
||
| 500 | _a1st ed. printed in 1981. | ||
| 504 | _aIncludes bibliographical references and index. | ||
| 505 | 0 | _aCool lifestyle for a hot planet -- Pioneers of green living -- Living voluntarily -- Living simply -- The world at the tipping point -- Deep simplicity and the human journey -- Living in a green world. | |
| 650 | 0 |
_aVoluntary simplicity movement. _95725 |
|
| 856 | 4 | 2 |
_3Publisher description _uhttp://www.loc.gov/catdir/enhancements/fy1011/2010294823-d.html |
| 856 | 4 | 2 |
_3Contributor biographical information _uhttp://www.loc.gov/catdir/enhancements/fy1011/2010294823-b.html |
| 906 |
_a7 _bcbc _ccopycat _d2 _encip _f20 _gy-gencatlg |
||
| 942 |
_2lcc _cMONOGRAPH |
||
| 999 |
_c119270 _d119270 |
||